[Event "Marseille op 4th"]
[Site "Marseille"]
[Date "2011.12.27"]
[Round "4"]
[White "Abel, Thierry"]
[Black "Massardo, Quentin"]
[Result "1-0"]
[WhiteElo "1761"]
[BlackElo "1544"]
[PlyCount "85"]
[EventDate "2011.12.26"]
[EventType "swiss"]
[EventRounds "9"]
[EventCountry "FRA"]
[SourceTitle "CBM 146 Extra"]
[Source "ChessBase"]
[SourceDate "2012.02.29"]
[SourceVersion "1"]
[SourceVersionDate "2012.02.29"]
[SourceQuality "1"]

1. Nf3 Nf6 2. d4 e6 3. c4 c5 4. d5 exd5 5. cxd5 d6 6. Nc3 g6 7. Bg5 Bg7 8. e4 0-0 9. Bd3 a6 10. a4 Re8 11. 0-0 Nbd7 12. Nd2 Ne5 13. Nc4 Nxc4 14. Bxc4 Qb6 15. Qd3 Ng4 16. Bd2 Ne5 17. Qe2 Nxc4 18. Qxc4 Qxb2 19. Ra2 Qb6 20. Rb1 Qd8 21. a5 Qh4 22. g3 Qf6 23. Qe2 h5 24. Kg2 h4 25. f3 hxg3 26. hxg3 Re5 27. g4 Re8 28. Nd1 Qe7 29. Nf2 Rb8 30. Rb6 Bd4 31. Bf4 Be5 32. Bxe5 Qxe5 33. Nd3 Qe7 34. Ra1 Bd7 35. Rh1 Bb5 36. Qb2 f6 37. Nf4 g5 38. Ne6 Bd7 39. Nxg5 Qg7 40. Nh7 Re5 41. Rxd6 Re7 42. Nxf6+ Kf8 43. Nxd7+ 1-0